header

Types and causes of childhood diarrhea (Record no. 174223)

MARC details
000 -LEADER
fixed length control field 01621nam a2200385 a 4500
082 04 - DEWEY DECIMAL CLASSIFICATION NUMBER
Classification number 618.92/3427
100 1# - MAIN ENTRY--AUTHOR NAME
Personal name Ogunlesi, Tinuade A.
245 10 - TITLE STATEMENT
Title Types and causes of childhood diarrhea
260 ## - PUBLICATION, DISTRIBUTION, ETC. (IMPRINT)
Place of publication New York :
Name of publisher Nova Science Publishers, Inc.,
Year of publication c2010.
300 ## - PHYSICAL DESCRIPTION
Number of Pages viii, 54 p.
490 1# - SERIES STATEMENT
Series statement Novinka
Series statement Public health in the 21st century
500 ## - GENERAL NOTE
General note "Nova biomedical."
505 0# - FORMATTED CONTENTS NOTE
Formatted contents note Diarrhoeal syndromes -- Epidemiology of diarrhoea -- Mechanisms of diarrhoea -- Predisposing factors -- Aetiology of watery diarrhoea -- Dysentery -- Persistent diarrhoea -- Chronic diarrhoea.
650 #0 - SUBJECT ADDED ENTRY--TOPICAL TERM
Topical Term Diarrhea in children.
Topical Term Diarrhea in children
856 40 - ELECTRONIC LOCATION AND ACCESS
Uniform Resource Identifier http://site.ebrary.com/lib/rucke/Doc?id=10681005

No items available.

© 2026 Rongo University
Contact us: librarian | system librarian | Rongo university